000 01082nam a2200301 i 4500
001 10739
003 ES-MaACL
005 20250824003047.0
007 t|
008 921123s1990 sp ||||0| spa d
016 7 _zCHM920006638
020 _a84-86884-76-4
040 _aCHM
_bspa
_cCHM
080 _a78 Bal y Gay, Jesús
080 _a78 García Ascot, Rosita
100 1 _aBal y Gay, Jesús.
_924791
245 1 0 _aNuestros trabajos y nuestros días /
_cJesús Bal y Gay y Rosita García Ascot ; transcripción, Antonio Buxan.
260 _aMadrid :
_bFundación Banco Exterior,
_cD.L. 1990.
300 _a290 p, [12] pag. de fot ;
_c20 cm.
490 1 _aColección Memorias de la música española
600 1 4 _aBal y Gay, Jesús-
_xBiografías.
_924792
600 1 4 _aGarcía Ascot, Rosita-
_xBiografías.
_954197
700 1 _aGarcía Ascot, Rosa,
_d1902-2002
_9240872
710 2 _aFundación Banco Exterior.
_94226
830 0 0 _aColección memorias de la música española
_9178177
852 _aES-MaACL
_jL-18098
_bR.123311
999 _c10739
_d10739